Структурные признаки усталости металлов как средство установления причин аварий машин

Бібліографічні деталі
Автор: Одинг И. А.
Співавтор: Академия наук СССР Институт машиноведения
Мова:Російська
Опубліковано: Москва, Изд-во АН СССР, 1949
Предмети:
Формат: Книга
KOHA link:https://koha.lib.tpu.ru/cgi-bin/koha/opac-detail.pl?biblionumber=155588

MARC

LEADER 00000nam0a2200000 4500
001 155588
005 20231101221839.0
035 |a (RuTPU)RU\TPU\book\168766 
090 |a 155588 
100 |a 20090317d1949 m y0rusy50 ca 
101 0 |a rus 
102 |a RU 
105 |a a z 001zy 
200 1 |a Структурные признаки усталости металлов как средство установления причин аварий машин  |f И. А. Одинг  |g Академия наук СССР (АН СССР), Институт машиноведения  
210 |a Москва  |c Изд-во АН СССР  |d 1949  |a Ленинград 
215 |a 80 с.  |c ил. 
320 |a Библиогр.: с. 77-78. 
610 1 |a металлы 
610 1 |a усталость 
610 1 |a структурные признаки 
610 1 |a разрушения 
610 1 |a детали машин 
610 1 |a циклическая прочность 
610 1 |a изломы 
675 |a 669:539.43  |v 3 
700 1 |a Одинг  |b И. А. 
712 0 2 |a Академия наук СССР  |b Институт машиноведения  |c (Москва)  |c (1938-1961)  |2 stltpush  |3 (RuTPU)RU\TPU\col\13724  |9 25758 
801 1 |a RU  |b 63413507  |c 20090317  |g PSBO 
801 2 |a RU  |b 63413507  |c 20220221  |g RCR 
942 |c BK